00498nam a2200193 a 4500001001300000003000900013005001700022008004100039020002300080082001600103100001600119245004500135260003200180300000900212500003500221505001000256650002200266700001600288nice12345678IN_TiNIC20260116013610.0050524s1992 dela grp 000 0 eng  a0670240 c19500a954.84bAUS aAustin, Ian aCity of Legendsb the Story of Hyderabad aDelhibPenguin Books c1992 a234p aincludes index and biblioraphy2 aIndex aHyderabad-History1 aAustin, Ian